[Event "BL 8788 Bochum-Bayern"]
[Site "?"]
[Date "1988.??.??"]
[Round "?.2"]
[White "Thesing, M."]
[Black "Kindermann, S."]
[Result "1/2-1/2"]
[WhiteElo "2355"]
[BlackElo "2490"]
[PlyCount "39"]
[EventDate "1988.??.??"]

1. d4 Nf6 2. Nf3 e6 3. Bg5 c5 4. e3 Be7 5. Nbd2 b6 6. Bd3 Bb7 7. c3 cxd4 8.
exd4 Nd5 9. Bxe7 Qxe7 10. g3 O-O 11. Qe2 Nf6 12. O-O d6 13. Rae1 Qc7 14. Ne4
Nbd7 15. Nfd2 a6 16. Nxf6+ Nxf6 17. Ne4 Nxe4 18. Bxe4 Rfe8 19. f4 f6 20. Bxb7
1/2-1/2

[Event "BL 8788 Bochum-Bayern"]
[Site "?"]
[Date "1988.??.??"]
[Round "?.3"]
[White "Bischoff, K."]
[Black "Graf, J."]
[Result "1-0"]
[WhiteElo "2460"]
[BlackElo "2405"]
[PlyCount "45"]
[EventDate "1988.??.??"]

1. e4 d5 2. exd5 Nf6 3. c4 c6 4. Nc3 cxd5 5. cxd5 g6 6. Bc4 Bg7 7. Nf3 O-O 8.
O-O Nbd7 9. d4 Nb6 10. Bb3 Nbxd5 11. Re1 b6 12. Ne5 Bb7 13. Bg5 Rc8 14. Rc1 Rc7
15. Qd3 h6 16. Bxf6 exf6 17. Nxg6 Rxc3 18. Rxc3 fxg6 19. Qxg6 Rf7 20. Rce3 Kf8
21. h3 b5 22. Qh5 f5 23. Qg6 1-0

[Event "BL 8788 Bochum-Bayern"]
[Site "?"]
[Date "1988.??.??"]
[Round "?.4"]
[White "Sonntag, H."]
[Black "Hickl, J."]
[Result "1-0"]
[WhiteElo "2405"]
[BlackElo "2455"]
[PlyCount "101"]
[EventDate "1988.??.??"]

1. d4 Nf6 2. c4 e5 3. dxe5 Ng4 4. Bf4 Nc6 5. Nf3 Bb4+ 6. Nbd2 Qe7 7. a3 Ngxe5
8. Nxe5 Nxe5 9. e3 Bxd2+ 10. Qxd2 O-O 11. Qc3 Ng6 12. Bg3 d6 13. Bd3 a5 14. b4
axb4 15. axb4 Rxa1+ 16. Qxa1 Ne5 17. Be2 Re8 18. O-O Bf5 19. Rd1 Bg4 20. f3 Bc8
21. e4 Ng6 22. Qa5 b6 23. Qa7 h5 24. c5 h4 25. Bf2 Nf4 26. Bf1 Qg5 27. Kh1 h3
28. g3 Ng6 29. cxd6 cxd6 30. Qxb6 Qf6 31. Be2 Qb2 32. Re1 Ne5 33. b5 d5 34. Qd4
Qxd4 35. Bxd4 dxe4 36. fxe4 Bb7 37. Kg1 Bxe4 38. Bxe5 Rxe5 39. Bd3 f5 40. Bxe4
fxe4 41. Rb1 Kf7 42. b6 Re8 43. Kf2 Ke6 44. Ke3 Kd5 45. b7 Rb8 46. g4 Kc6 47.
Kxe4 Kc7 48. Kf4 Rf8+ 49. Kg3 Kb8 50. Kxh3 Rf3+ 51. Kh4 1-0

[Event "BL 8788 Bochum-Bayern"]
[Site "?"]
[Date "1988.??.??"]
[Round "?.5"]
[White "Hecht, H."]
[Black "Beckemeyer, W."]
[Result "1/2-1/2"]
[WhiteElo "2445"]
[BlackElo "2335"]
[PlyCount "55"]
[EventDate "1988.??.??"]

1. e4 c5 2. Nf3 d6 3. c3 Nf6 4. Be2 g6 5. O-O Bg7 6. Re1 O-O 7. Bf1 Nc6 8. h3
e5 9. d3 d5 10. Nbd2 h6 11. a3 Be6 12. b4 cxb4 13. axb4 a6 14. Bb2 Nh5 15. exd5
Bxd5 16. c4 Bxf3 17. Nxf3 Re8 18. Qb3 Qb6 19. Bc3 Rad8 20. Rab1 Nf4 21. b5 axb5
22. cxb5 Nd4 23. Nxd4 exd4 24. Bd2 Ne6 25. g3 Nc7 26. Bg2 Rxe1+ 27. Bxe1 Re8
28. Qa4 1/2-1/2

[Event "BL 8788 Bochum-Bayern"]
[Site "?"]
[Date "1988.??.??"]
[Round "?.6"]
[White "Backwinkel, P."]
[Black "Hertneck, G."]
[Result "1-0"]
[WhiteElo "2310"]
[BlackElo "2450"]
[PlyCount "89"]
[EventDate "1988.??.??"]

1. d4 Nf6 2. c3 e6 3. Bg5 c5 4. e3 Be7 5. Nd2 b6 6. Ngf3 Bb7 7. Bd3 d6 8. O-O
Nbd7 9. a4 a6 10. b4 h6 11. Bxf6 Nxf6 12. Qb3 Rb8 13. b5 a5 14. Rac1 O-O 15.
Bb1 Rc8 16. e4 d5 17. e5 Ne4 18. Rfe1 Bg5 19. Rcd1 f5 20. exf6 Bxd2 21. Nxd2
Qxf6 22. Nxe4 dxe4 23. Qb2 cxd4 24. cxd4 Qf4 25. Re2 Bd5 26. Rde1 Rc4 27. Bxe4
Rxa4 28. g3 Qg4 29. Bxd5 exd5 30. Re7 Rb4 31. Qc3 Qf3 32. Qxf3 Rxf3 33. Rb7 Rf6
34. Re8+ Kh7 35. Ree7 Kg6 36. Rxg7+ Kf5 37. Rbe7 Rxd4 38. f3 Rb4 39. Kg2 Rxb5
40. f4 d4 41. Rg8 Rb2+ 42. Kh3 Rb5 43. Rd8 Re6 44. Rf8+ Rf6 45. g4+ 1-0

[Event "BL 8788 Bochum-Bayern"]
[Site "?"]
[Date "1988.??.??"]
[Round "?.7"]
[White "Schlosser, P."]
[Black "Boesken, C."]
[Result "1-0"]
[WhiteElo "2375"]
[BlackElo "2250"]
[PlyCount "73"]
[EventDate "1988.??.??"]

1. d4 Nf6 2. Nf3 e6 3. c4 b6 4. g3 Bb7 5. Bg2 Be7 6. Nc3 Ne4 7. Bd2 Bf6 8. O-O
O-O 9. Rc1 d6 10. d5 Nxd2 11. Nxd2 Bxc3 12. Rxc3 e5 13. f4 exf4 14. gxf4 Nd7
15. Ne4 a5 16. Qd4 Nc5 17. Rg3 f6 18. Nf2 Bc8 19. b3 Qe7 20. e4 Bd7 21. Re1
Rfe8 22. a3 b5 23. cxb5 Bxb5 24. Ng4 Kh8 25. e5 fxe5 26. fxe5 Qh4 27. Ree3 Nd7
28. Rh3 Qg5 29. e6 Nf8 30. a4 Ba6 31. Nh6 Qg6 32. Nf7+ Kg8 33. Qa1 Qf6 34. Nh6+
Kh8 35. Qxf6 gxf6 36. Reg3 Ng6 37. Be4 1-0

[Event "BL 8788 Bochum-Bayern"]
[Site "?"]
[Date "1988.??.??"]
[Round "?.8"]
[White "Ueter, H."]
[Black "Klundt, K."]
[Result "1-0"]
[WhiteElo "2230"]
[BlackElo "2390"]
[PlyCount "85"]
[EventDate "1988.??.??"]

1. e4 c5 2. Nf3 Nc6 3. d4 cxd4 4. Nxd4 e5 5. Nb5 a6 6. Nd6+ Bxd6 7. Qxd6 Qe7 8.
Qd3 Nf6 9. Nc3 d5 10. Bg5 dxe4 11. Nxe4 Qb4+ 12. Nc3 Be6 13. Bxf6 gxf6 14.
O-O-O Rd8 15. Qf3 Rxd1+ 16. Qxd1 Ke7 17. Bd3 Rd8 18. Qe1 f5 19. f3 Qf4+ 20. Kb1
Nb4 21. Qe2 Nxd3 22. cxd3 b5 23. Qf2 Rxd3 24. Qa7+ Kf6 25. Qxa6 Qc4 26. Rc1 Qf4
27. Qxb5 Rd2 28. Rc2 Rxc2 29. Kxc2 Qxh2 30. Qe2 Qf4 31. b3 h5 32. Qd2 Qg3 33.
a4 h4 34. a5 h3 35. gxh3 Qxf3 36. a6 Ke7 37. Qg5+ Kd7 38. Qg1 e4 39. Qa7+ Kd6
40. Qb8+ Kc5 41. Qc7+ Kd4 42. Qd6+ Ke3 43. Qd2# 1-0

[Event "BL 8788 Solingen-München 36"]
[Site "?"]
[Date "1988.??.??"]
[Round "?.1"]
[White "Smejkal, J."]
[Black "Short, N."]
[Result "1/2-1/2"]
[WhiteElo "2515"]
[BlackElo "2620"]
[PlyCount "53"]
[EventDate "1988.??.??"]

1. Nf3 d5 2. d4 Nf6 3. c4 e6 4. g3 Bb4+ 5. Bd2 Bxd2+ 6. Qxd2 O-O 7. Bg2 Qe7 8.
O-O Rd8 9. Qc2 Nc6 10. Rd1 dxc4 11. Na3 Nb4 12. Qxc4 a5 13. Ne5 Kf8 14. Nb5 c6
15. Nc3 Bd7 16. Qc5 Be8 17. Na4 Qxc5 18. dxc5 Rxd1+ 19. Rxd1 Nxa2 20. Nb6 Rb8
21. Nec4 Nb4 22. Nxa5 Na6 23. Rc1 Ke7 24. e3 Nd5 25. Bf1 Nac7 26. Nbc4 f6 27.
e4 1/2-1/2

[Event "BL 8788 Solingen-München 36"]
[Site "?"]
[Date "1988.??.??"]
[Round "?.2"]
[White "Huebner, R."]
[Black "Nikolac, J."]
[Result "1-0"]
[WhiteElo "2610"]
[BlackElo "2470"]
[PlyCount "86"]
[EventDate "1988.??.??"]

1. e4 e6 2. d4 d5 3. Nc3 Bb4 4. e5 b6 5. Qg4 Bf8 6. Nf3 Qd7 7. Be2 Ba6 8. O-O
Ne7 9. Bxa6 Nxa6 10. Ne2 Nb4 11. c3 Nd3 12. b3 h5 13. Qh3 Ng6 14. Bd2 f6 15.
exf6 gxf6 16. Ng5 Nc5 17. dxc5 fxg5 18. cxb6 axb6 19. Bxg5 e5 20. Qd3 Rg8 21.
c4 c6 22. cxd5 cxd5 23. Rfd1 Ra5 24. Nc3 Be7 25. Nxd5 Rxd5 26. Qxd5 Qxd5 27.
Rxd5 Bxg5 28. Rd6 Nf4 29. g3 Bd8 30. Re1 Ke7 31. Rh6 Bc7 32. Kf1 Ne6 33. Rxh5
Ra8 34. a4 Nd4 35. Rh7+ Kd6 36. Rc1 Bd8 37. Rc3 Be7 38. Rh6+ Kd5 39. Rxb6 Rf8
40. Rb7 Bg5 41. a5 Ke4 42. a6 Bd2 43. a7 Ra8 1-0

[Event "BL 8788 Solingen-München 36"]
[Site "?"]
[Date "1988.??.??"]
[Round "?.4"]
[White "Lau, R."]
[Black "Kaiser, W."]
[Result "1-0"]
[WhiteElo "2555"]
[BlackElo "2355"]
[PlyCount "67"]
[EventDate "1988.??.??"]

1. e4 c5 2. Nf3 Nc6 3. d4 cxd4 4. Nxd4 g6 5. c4 Bg7 6. Be3 Nf6 7. Nc3 Ng4 8.
Qxg4 Nxd4 9. Qd1 Ne6 10. Rc1 d6 11. b4 O-O 12. Bd3 a5 13. a3 axb4 14. axb4 Bd7
15. O-O f5 16. exf5 gxf5 17. Nd5 Ra3 18. Re1 Kh8 19. Bb6 Qe8 20. Be2 Rg8 21. f4
Bh6 22. Qd2 Rh3 23. Rc3 Rh4 24. Rf3 Bc6 25. Be3 Qg6 26. Rg3 Qf7 27. Rxg8+ Qxg8
28. Bf3 Nxf4 29. Nxe7 Nh3+ 30. Kh1 Bxe3 31. Qxe3 Qxc4 32. Nxc6 bxc6 33. gxh3
Rxh3 34. Qg5 1-0

[Event "BL 8788 Solingen-München 36"]
[Site "?"]
[Date "1988.??.??"]
[Round "?.6"]
[White "Ostermeyer, P."]
[Black "Goetz, R."]
[Result "1/2-1/2"]
[WhiteElo "2450"]
[BlackElo "2325"]
[PlyCount "138"]
[EventDate "1988.??.??"]

1. e4 c5 2. Nf3 Nc6 3. Bb5 g6 4. O-O Bg7 5. c3 e5 6. d4 cxd4 7. cxd4 Nxd4 8.
Nxd4 exd4 9. Bf4 Ne7 10. Nd2 a6 11. Qa4 Qb6 12. Bd3 O-O 13. Qa3 Nc6 14. Bd6 Re8
15. Nc4 Qd8 16. Qc5 Bf8 17. Bxf8 Rxf8 18. e5 Rb8 19. f4 b6 20. Qd6 b5 21. Nd2
Qe7 22. Ne4 Qxd6 23. Nxd6 Bb7 24. Rac1 Ba8 25. Be4 Kg7 26. Rfd1 Rbd8 27. Bxc6
Bxc6 28. Rxd4 h5 29. Rc3 Rb8 30. f5 Rb6 31. Rg3 Ba8 32. h4 Rc6 33. f6+ Kg8 34.
Rc3 Rb8 35. a3 Kf8 36. Kf2 Rxc3 37. bxc3 Rb6 38. g3 Rc6 39. Nxf7 Kxf7 40. Rxd7+
Ke8 41. Rg7 Re6 42. Rxg6 Rxe5 43. Rg8+ Kf7 44. Rxa8 Rf5+ 45. Ke3 Rxf6 46. Kd4
Rc6 47. Rh8 Rc4+ 48. Kd3 Kg6 49. Rg8+ Kh6 50. Kc2 Ra4 51. Kb3 Rc4 52. Rh8+ Kg6
53. Rd8 Rg4 54. Rd6+ Kg7 55. Rxa6 Rxg3 56. Rb6 Rg4 57. Rxb5 Rxh4 58. a4 Rh1 59.
a5 Kg6 60. Ka2 Rf1 61. a6 Rf8 62. Kb3 h4 63. Ka4 h3 64. c4 Rc8 65. Rb1 Rxc4+
66. Kb5 Rc3 67. a7 Ra3 68. Kb6 Kg5 69. Kb7 Kg4 1/2-1/2

[Event "BL 8788 Solingen-München 36"]
[Site "?"]
[Date "1988.??.??"]
[Round "?.7"]
[White "Schmidt, G."]
[Black "Schulte, O."]
[Result "0-1"]
[WhiteElo "2255"]
[BlackElo "2425"]
[PlyCount "72"]
[EventDate "1988.??.??"]

1. d4 Nf6 2. c4 e6 3. Nf3 c5 4. e3 d5 5. Nc3 Nc6 6. cxd5 exd5 7. Be2 cxd4 8.
Nxd4 Bd6 9. O-O O-O 10. Bf3 Be5 11. h3 Re8 12. b3 Bb8 13. Nde2 Qd6 14. Ng3 Be6
15. Bb2 Qe5 16. Qd2 Qg5 17. Nce2 Ne5 18. Bxd5 Bxd5 19. f4 Qg6 20. fxe5 Bxe5 21.
Bxe5 Rxe5 22. Kh2 h5 23. Nf4 Qxg3+ 24. Kxg3 Ne4+ 25. Kh2 Nxd2 26. Rfd1 Nf3+ 27.
gxf3 Bxf3 28. Rd3 g5 29. Rg1 Kf8 30. Ng2 Rc8 31. Ne1 Be4 32. Rd4 Rc3 33. h4
Rxe3 34. Ng2 Re2 35. Kh3 g4+ 36. Kg3 Rf5 0-1

[Event "BL 8788 Solingen-München 36"]
[Site "?"]
[Date "1988.??.??"]
[Round "?.8"]
[White "Brunner, L."]
[Black "Lauterbach, I."]
[Result "1-0"]
[WhiteElo "2440"]
[BlackElo "2140"]
[PlyCount "89"]
[EventDate "1988.??.??"]

1. e4 d6 2. d4 Nf6 3. Nc3 g6 4. g3 Bg7 5. Bg2 O-O 6. Nge2 c6 7. a4 a5 8. O-O e5
9. h3 Na6 10. Be3 Qc7 11. f4 Nb4 12. Qd2 exd4 13. Bxd4 d5 14. e5 Ne4 15. Nxe4
dxe4 16. c3 Nd5 17. g4 f5 18. exf6 Nxf6 19. Ng3 Be6 20. Rae1 Bc4 21. Rf2 Bb3
22. g5 Nd5 23. Bxg7 Qxg7 24. Rxe4 Rad8 25. Rd4 Rde8 26. Ne4 Re7 27. Nc5 Ba2 28.
b4 Bb1 29. Rxd5 cxd5 30. Bxd5+ Kh8 31. Ne6 Rxe6 32. Bxe6 axb4 33. cxb4 Be4 34.
Kh2 Qa1 35. Rf1 Qg7 36. Re1 Bf3 37. Kg3 Bh5 38. Qe3 h6 39. gxh6 Qxh6 40. Qd4+
Qg7 41. Qxg7+ Kxg7 42. Bg4 Bxg4 43. hxg4 Kf6 44. g5+ Kf7 45. Rc1 1-0

[Event "BL 8788 Bayern-Solingen"]
[Site "?"]
[Date "1988.??.??"]
[Round "?.2"]
[White "Kindermann, S."]
[Black "Huebner, R."]
[Result "1/2-1/2"]
[WhiteElo "2490"]
[BlackElo "2610"]
[PlyCount "84"]
[EventDate "1988.??.??"]

1. e4 e6 2. d4 d5 3. Nc3 Bb4 4. e5 c5 5. a3 Bxc3+ 6. bxc3 Ne7 7. Qg4 O-O 8. Nf3
Nbc6 9. Bd3 f5 10. exf6 Rxf6 11. Bg5 Rf7 12. Bxe7 Rxe7 13. Qh4 g6 14. O-O c4
15. Be2 Bd7 16. Rfe1 Qf8 17. Bd1 Rae8 18. Ne5 Nxe5 19. Rxe5 Kg7 20. Qg5 Rf7 21.
Qe3 Rf5 22. Bg4 Rxe5 23. Qxe5+ Qf6 24. Qc7 Re7 25. Re1 Rf7 26. Qg3 Qe7 27. Qe5+
Qf6 28. Qe3 h5 29. Bh3 g5 30. g3 Kf8 31. Rf1 Re7 32. Bg2 Qf5 33. Qe2 Be8 34.
Qd2 Bg6 35. Re1 Qxc2 36. Qxg5 Qxc3 37. Qf4+ Rf7 38. Qb8+ Ke7 39. Qe5 Be4 40.
Qc7+ Kf6 41. Qe5+ Ke7 42. Qc7+ Kf6 1/2-1/2

[Event "BL 8788 Bayern-Solingen"]
[Site "?"]
[Date "1988.??.??"]
[Round "?.3"]
[White "Spassky, B."]
[Black "Bischoff, K."]
[Result "1/2-1/2"]
[WhiteElo "2570"]
[BlackElo "2460"]
[PlyCount "25"]
[EventDate "1988.??.??"]

1. e4 e6 2. d4 d5 3. Nc3 Nf6 4. Bg5 Be7 5. e5 Ng8 6. h4 Bxg5 7. hxg5 Qxg5 8.
Nh3 Qe7 9. Qg4 f5 10. Qg3 Nd7 11. Nf4 Nf8 12. O-O-O c6 13. Na4 1/2-1/2

[Event "BL 8788 Bayern-Solingen"]
[Site "?"]
[Date "1988.??.??"]
[Round "?.5"]
[White "Lobron, E."]
[Black "Hecht, H."]
[Result "1-0"]
[WhiteElo "2530"]
[BlackElo "2445"]
[PlyCount "45"]
[EventDate "1988.??.??"]

1. Nf3 Nf6 2. c4 b6 3. g3 Bb7 4. Bg2 e6 5. d4 Be7 6. Nc3 Ne4 7. Bd2 Bf6 8. Rc1
d6 9. d5 Bxc3 10. Bxc3 Nxc3 11. Rxc3 e5 12. O-O Nd7 13. Nd2 O-O 14. f4 exf4 15.
gxf4 Re8 16. Rg3 Qe7 17. e4 Qf6 18. e5 dxe5 19. Ne4 Qe7 20. fxe5 g6 21. e6 fxe6
22. dxe6 Qxe6 23. Ng5 1-0

[Event "BL 8788 Bayern-Solingen"]
[Site "?"]
[Date "1988.??.??"]
[Round "?.6"]
[White "Hertneck, G."]
[Black "Ostermeyer, P."]
[Result "1/2-1/2"]
[WhiteElo "2450"]
[BlackElo "2450"]
[PlyCount "91"]
[EventDate "1988.??.??"]

1. d4 Nf6 2. Nf3 c5 3. d5 g6 4. Nc3 d6 5. e4 Bg7 6. Be2 O-O 7. O-O Na6 8. Bf4
Nc7 9. a4 a6 10. Qd2 Bg4 11. Rfe1 Nd7 12. a5 Rb8 13. Bh6 Bxh6 14. Qxh6 Bxf3 15.
Bxf3 e5 16. dxe6 fxe6 17. Qd2 Ne5 18. Be2 g5 19. Na4 Qe7 20. b4 cxb4 21. Qxb4
Rf4 22. Nc3 g4 23. Red1 Rbf8 24. Qxd6 Qg7 25. Qc5 Rxf2 26. Qe3 h5 27. Rab1 h4
28. Rxb7 h3 29. Qxf2 Rxf2 30. Kxf2 Qf8+ 31. Kg3 Qc5 32. Rd8+ Kg7 33. Nd1 Qc6
34. Bxa6 hxg2 35. Kxg2 Nf7 36. Rd4 Nxa6 37. Rdd7 Qxe4+ 38. Kf2 Qxc2+ 39. Ke1
Nc5 40. Rxf7+ Kg6 41. Rg7+ Kf6 42. Rbf7+ Ke5 43. Nf2 Qc1+ 44. Ke2 Qc4+ 45. Ke1
Qc1+ 46. Ke2 1/2-1/2

[Event "BL 8788 Bayern-Solingen"]
[Site "?"]
[Date "1988.??.??"]
[Round "?.7"]
[White "Schulte, O."]
[Black "Stangl, M."]
[Result "1/2-1/2"]
[WhiteElo "2425"]
[BlackElo "2375"]
[PlyCount "102"]
[EventDate "1988.??.??"]

1. d4 Nf6 2. Nf3 e6 3. c4 Bb4+ 4. Nbd2 O-O 5. a3 Be7 6. e4 d5 7. e5 Nfd7 8.
cxd5 exd5 9. Bd3 Re8 10. O-O c5 11. Re1 Nc6 12. Qc2 h6 13. Bf5 Nf8 14. Bxc8
Rxc8 15. dxc5 b6 16. Qf5 bxc5 17. Nf1 Qd7 18. Qxd7 Nxd7 19. Bf4 Nf8 20. Ne3
Red8 21. Rad1 Ne6 22. Bg3 Nc7 23. Re2 Rd7 24. h3 Rb8 25. Red2 Rb7 26. Nf5 Bf8
27. Nd6 Rb6 28. Rc2 f6 29. Nc4 Rb7 30. Ne3 d4 31. Nc4 Ne6 32. exf6 gxf6 33. Re2
Kf7 34. Ne1 Ng7 35. Nd3 Nf5 36. Bf4 h5 37. g4 hxg4 38. hxg4 Nh4 39. Bg3 Nf3+
40. Kg2 Ng5 41. f4 Ne6 42. f5 Ng7 43. Nf4 Rb3 44. Ne6 d3 45. Re3 Be7 46. Be1
Nd4 47. Nxg7 Nc2 48. Ne6 Nxe3+ 49. Nxe3 Rxb2+ 50. Rd2 Rb3 51. Kf3 Rb1 1/2-1/2

[Event "BL 8788 Bayern-Solingen"]
[Site "?"]
[Date "1988.??.??"]
[Round "?.8"]
[White "Klundt, K."]
[Black "Brunner, L."]
[Result "1/2-1/2"]
[WhiteElo "2390"]
[BlackElo "2440"]
[PlyCount "38"]
[EventDate "1988.??.??"]

1. e4 e6 2. d4 d5 3. Nd2 c5 4. Ngf3 cxd4 5. exd5 Qxd5 6. Bc4 Qd6 7. O-O Nf6 8.
Nb3 Nc6 9. Nbxd4 Nxd4 10. Nxd4 a6 11. Re1 Qc7 12. Bb3 Bc5 13. c3 Bd7 14. Bg5
O-O-O 15. Qf3 e5 16. Nc2 Bc6 17. Qf5+ Bd7 18. Qf3 Bc6 19. Qf5+ Bd7 1/2-1/2

[Event "BL 8788 München 36-Bochum"]
[Site "?"]
[Date "1988.??.??"]
[Round "?.1"]
[White "Keitlinghaus, L."]
[Black "Smejkal, J."]
[Result "1/2-1/2"]
[WhiteElo "2400"]
[BlackElo "2515"]
[PlyCount "33"]
[EventDate "1988.??.??"]

1. e4 e5 2. Nf3 Nc6 3. Bb5 a6 4. Bxc6 dxc6 5. d4 exd4 6. Qxd4 Qxd4 7. Nxd4 Bd7
8. Be3 O-O-O 9. Nd2 Ne7 10. O-O-O Re8 11. Rde1 c5 12. Ne2 b6 13. f3 f5 14. Ng3
fxe4 15. Ndxe4 Nf5 16. Nxf5 Bxf5 17. Bf4 1/2-1/2

[Event "BL 8788 München 36-Bochum"]
[Site "?"]
[Date "1988.??.??"]
[Round "?.6"]
[White "Goetz, R."]
[Black "Backwinkel, P."]
[Result "1/2-1/2"]
[WhiteElo "2325"]
[BlackElo "2310"]
[PlyCount "77"]
[EventDate "1988.??.??"]

1. e4 c5 2. Nf3 Nc6 3. d4 cxd4 4. Nxd4 e5 5. Nb5 d6 6. a4 a6 7. N5c3 Be6 8. Na3
Rc8 9. Nd5 Bxd5 10. exd5 Nce7 11. c4 g6 12. Be2 Nf5 13. Nc2 Bg7 14. O-O Nge7
15. Ra3 O-O 16. g4 Nd4 17. Nxd4 exd4 18. f4 f5 19. g5 Re8 20. Re1 Rc7 21. Rf3
Nc8 22. Rff1 Nb6 23. b3 Rce7 24. Bd3 Nd7 25. b4 a5 26. Rxe7 Rxe7 27. Bd2 axb4
28. Bxb4 Qb6 29. Qd2 Re3 30. a5 Qc7 31. Re1 Rxe1+ 32. Qxe1 Kf8 33. Qe6 Nc5 34.
Bxc5 Qxc5 35. Qd7 Qb4 36. Qd8+ Kf7 37. Qd7+ Kf8 38. Qd8+ Kf7 39. Qd7+ 1/2-1/2

[Event "BL 8788 München 36-Bochum"]
[Site "?"]
[Date "1988.??.??"]
[Round "?.7"]
[White "Boesken, C."]
[Black "Schmidt, G."]
[Result "1-0"]
[WhiteElo "2250"]
[BlackElo "2255"]
[PlyCount "61"]
[EventDate "1988.??.??"]

1. Nf3 d5 2. d4 Nf6 3. c4 e6 4. Nc3 Be7 5. Bg5 O-O 6. e3 h6 7. Bxf6 Bxf6 8. Rc1
c6 9. Bd3 Nd7 10. O-O dxc4 11. Bxc4 e5 12. h3 exd4 13. exd4 Nb6 14. Bb3 Re8 15.
Re1 Rxe1+ 16. Qxe1 Bf5 17. Ne5 Be6 18. Bxe6 fxe6 19. Nf3 Qe7 20. Ne4 Rd8 21.
Nc5 Kf7 22. Qe4 Rd6 23. Re1 Nd5 24. Qh7 Nf4 25. Re4 Ng6 26. Nd3 Rd5 27. Nde5+
Bxe5 28. Nxe5+ Nxe5 29. Rf4+ Ke8 30. Qg8+ Kd7 31. dxe5 1-0

[Event "BL 8788 München 36-Bochum"]
[Site "?"]
[Date "1988.??.??"]
[Round "?.8"]
[White "Lauterbach, I."]
[Black "Ueter, H."]
[Result "0-1"]
[WhiteElo "2140"]
[BlackElo "2230"]
[PlyCount "60"]
[EventDate "1988.??.??"]

1. e4 c5 2. Nf3 d6 3. g3 Nc6 4. Bg2 g6 5. O-O Bg7 6. c3 e5 7. d3 Nf6 8. Re1 O-O
9. Nbd2 Be6 10. Nb3 a5 11. Ng5 Bg4 12. f3 Bd7 13. a4 h6 14. Nh3 Be6 15. Nf2 b6
16. Nd2 d5 17. exd5 Nxd5 18. Nc4 Qc7 19. Qe2 Rfe8 20. Ne4 Rad8 21. Be3 f5 22.
Ned2 Nf4 23. gxf4 exf4 24. Bxc5 bxc5 25. Qf2 Nb4 26. Red1 Nxd3 27. Qh4 Qf7 28.
Nxa5 g5 29. Qh3 Nxb2 30. Nc6 Rd6 0-1

[Event "BL 8889 Solingen-Lasker"]
[Site "?"]
[Date "1988.??.??"]
[Round "?.2"]
[White "Lobron, E."]
[Black "Fries Nielsen, J."]
[Result "0-1"]
[WhiteElo "2530"]
[BlackElo "2385"]
[PlyCount "120"]
[EventDate "1988.??.??"]

1. Nf3 Nf6 2. c4 d6 3. d4 g6 4. Nc3 Bg7 5. e4 O-O 6. Be2 Nbd7 7. O-O e5 8. Kh1
c6 9. d5 Nc5 10. Nd2 a5 11. Bf3 Nd3 12. Nb3 Nxc1 13. Nxc1 c5 14. Nd3 Ne8 15. a3
f5 16. Rb1 Nf6 17. b4 b6 18. bxc5 bxc5 19. exf5 gxf5 20. Be2 Ba6 21. f4 e4 22.
Nf2 Nd7 23. Nb5 Nb6 24. Nh3 h6 25. Rg1 Bxb5 26. Rxb5 Bd4 27. Rf1 Ra7 28. Qb3
Nc8 29. g4 Rg7 30. g5 hxg5 31. Nxg5 Rxg5 32. fxg5 Qxg5 33. Qg3 Qxg3 34. hxg3
Kg7 35. Kg2 Ne7 36. Rb7 Kf6 37. Rh1 Rg8 38. Rh7 Ng6 39. Rbf7+ Ke5 40. Kf1 Be3
41. Rh5 Kd4 42. Rfxf5 Ne5 43. Kg2 Nxc4 44. Bxc4 Kxc4 45. Rf6 Rd8 46. g4 Bd4 47.
Rf1 Rg8 48. Kg3 Kd3 49. Rd1+ Ke2 50. Rc1 Bf2+ 51. Kh3 Kd2 52. Rf1 Bd4 53. g5 e3
54. Kg4 e2 55. Rh2 c4 56. Rf7 c3 57. Kf3 Re8 58. Rf4 Bg1 59. Rg2 c2 60. Rxg1
e1=Q 0-1

[Event "BL 8889 Solingen-Lasker"]
[Site "?"]
[Date "1988.??.??"]
[Round "?.3"]
[White "Muse, M."]
[Black "Lau, R."]
[Result "1-0"]
[WhiteElo "2380"]
[BlackElo "2495"]
[PlyCount "51"]
[EventDate "1988.??.??"]

1. d4 Nf6 2. Nf3 e6 3. e3 b6 4. Bd3 Bb7 5. Nbd2 c5 6. O-O cxd4 7. exd4 Be7 8.
Re1 O-O 9. Ng5 d6 10. Nde4 Nbd7 11. Qf3 Nxe4 12. Nxe4 d5 13. Ng3 Re8 14. Bf4 a6
15. a4 Bc6 16. Nh5 g6 17. Re3 b5 18. Qh3 Bf8 19. Rc1 bxa4 20. c3 Bb5 21. Bb1
Rc8 22. Rg3 Qb6 23. Be5 Bc4 24. Qh4 Be7 25. Qf4 Nxe5 26. Qh6 1-0

[Event "BL 8889 Solingen-Lasker"]
[Site "?"]
[Date "1988.??.??"]
[Round "?.4"]
[White "Schulte, O."]
[Black "Simon, R."]
[Result "0-1"]
[WhiteElo "2430"]
[BlackElo "2285"]
[PlyCount "68"]
[EventDate "1988.??.??"]

1. d4 d5 2. Nf3 e6 3. c4 Nf6 4. Nc3 c6 5. cxd5 exd5 6. Bg5 h6 7. Bh4 Bf5 8. Qb3
Nbd7 9. Qxb7 Rb8 10. Qxc6 Rxb2 11. Bxf6 gxf6 12. e4 dxe4 13. Nh4 Rb6 14. Qc4
Be6 15. d5 Ne5 16. Qa4+ Bd7 17. Qxe4 Bb4 18. Rc1 O-O 19. Be2 Re8 20. Qc2 f5 21.
a3 Nd3+ 22. Qxd3 Bb5 23. Qd4 Bxc3+ 24. Rxc3 Rxe2+ 25. Kd1 Re4 26. Qc5 Rc6 27.
Qxb5 Rxc3 28. Kd2 Rxa3 29. Nxf5 Re5 30. Nxh6+ Kh7 31. Qb4 Qxd5+ 32. Kc1 Ra2 33.
Rd1 Qc6+ 34. Kb1 Qc2# 0-1

[Event "BL 8889 Solingen-Lasker"]
[Site "?"]
[Date "1988.??.??"]
[Round "?.5"]
[White "Breutigam, M."]
[Black "Zysk, R."]
[Result "1-0"]
[WhiteElo "2300"]
[BlackElo "2395"]
[PlyCount "87"]
[EventDate "1988.??.??"]

1. d4 f5 2. g3 Nf6 3. Bg2 g6 4. Nh3 Bg7 5. O-O O-O 6. c4 d6 7. d5 Na6 8. Nc3
Bd7 9. Nf4 c6 10. e4 fxe4 11. Nxe4 Nxe4 12. Bxe4 Qe8 13. Bf3 Qf7 14. Bg4 Bxg4
15. Qxg4 Nc7 16. Qd7 Rac8 17. Ne6 Nxe6 18. dxe6 Qf6 19. Qxb7 Qxe6 20. Qxa7 c5
21. Bg5 Qf5 22. Be3 Qf7 23. Rab1 Ra8 24. Qd7 Rxa2 25. b4 Bd4 26. b5 Rxf2 27.
Bxf2 Bxf2+ 28. Kg2 Qf3+ 29. Kh3 Qh5+ 30. Kg2 Qf3+ 31. Kh3 Rf5 32. Qxf5 gxf5 33.
b6 Qg4+ 34. Kg2 Bd4 35. Rfe1 f4 36. b7 f3+ 37. Kh1 f2 38. b8=Q+ Kf7 39. Rxe7+
Kxe7 40. Rb7+ Kf6 41. Qf8+ Kg6 42. Qf7+ Kh6 43. Qxh7+ Kg5 44. h4+ 1-0

[Event "BL 8889 Solingen-Lasker"]
[Site "?"]
[Date "1988.??.??"]
[Round "?.6"]
[White "Schneider, B1."]
[Black "Busch, K."]
[Result "1/2-1/2"]
[WhiteElo "2365"]
[BlackElo "2340"]
[PlyCount "110"]
[EventDate "1988.??.??"]

1. c4 Nf6 2. Nc3 c5 3. g3 e6 4. Nf3 b6 5. Bg2 Bb7 6. O-O d6 7. d4 cxd4 8. Qxd4
a6 9. Bg5 Nbd7 10. Rfd1 Be7 11. e4 Qc7 12. Rac1 O-O 13. Bxf6 Nxf6 14. e5 dxe5
15. Qxe5 Rac8 16. Qxc7 Rxc7 17. Ne5 Bxg2 18. Kxg2 Rfc8 19. a4 Kf8 20. Rd3 Ke8
21. Rcd1 Rd8 22. Rxd8+ Bxd8 23. b3 Be7 24. f4 Nd7 25. Ne4 Nxe5 26. fxe5 b5 27.
cxb5 axb5 28. Ra1 bxa4 29. bxa4 Ra7 30. a5 Kd7 31. Kf3 Kc6 32. Nd2 Kb5 33. Rb1+
Bb4 34. Nb3 Kc4 35. Ke4 Bxa5 36. Nxa5+ Rxa5 37. Rb7 Ra2 38. Rc7+ Kb5 39. Rxf7
Rxh2 40. Rxg7 Kc6 41. Re7 Rh6 42. g4 Rg6 43. Kf4 h6 44. Rf7 Kd5 45. Rf6 Rg5 46.
Rxh6 Rxe5 47. Rh1 Kd6 48. g5 Rf5+ 49. Kg4 Ke7 50. Rh7+ Kf8 51. Kh5 Kg8 52. Re7
Rf8 53. Kh6 Ra8 54. g6 e5 55. Rg7+ Kh8 1/2-1/2

[Event "BL 8889 Solingen-Lasker"]
[Site "?"]
[Date "1988.??.??"]
[Round "?.7"]
[White "Paulsen, D."]
[Black "Kraut, R."]
[Result "1-0"]
[WhiteElo "2355"]
[BlackElo "2390"]
[PlyCount "80"]
[EventDate "1988.??.??"]

1. d4 Nf6 2. c4 e6 3. Nf3 Bb4+ 4. Bd2 Qe7 5. g3 Nc6 6. Bg2 Bxd2+ 7. Nbxd2 d6 8.
O-O a5 9. Nb1 Nb8 10. Nc3 O-O 11. e4 e5 12. h3 c5 13. dxe5 dxe5 14. Nd5 Qd6 15.
Re1 Nfd7 16. Nh4 g6 17. Qg4 Kh8 18. Qg5 Nc6 19. Qh6 Rg8 20. Rad1 Nd4 21. Nf5
Qf8 22. Qxf8 Rxf8 23. Nxd4 cxd4 24. f4 f6 25. Rf1 Kg8 26. c5 Nxc5 27. fxe5 fxe5
28. Rc1 Rxf1+ 29. Bxf1 Nxe4 30. Ne7+ Kg7 31. Nxc8 Nxg3 32. Rc7+ Kh6 33. Bg2 e4
34. Kf2 d3 35. Kxg3 d2 36. Rd7 e3 37. Kf3 Rxc8 38. Kxe3 d1=Q 39. Rxd1 Rc2 40.
Rd2 Rxd2 1-0